| 000 | 00852pam a2200265 i 4500 | ||
|---|---|---|---|
| 001 | 1212 | ||
| 005 | 20230808134737.0 | ||
| 008 | 780517s1978 nyu j 000 1 eng | ||
| 020 |
_a0394839129 : _a0394939123 |
||
| 040 |
_aDLC _cDLC _dDLC _beng |
||
| 050 | 0 | 0 |
_aPZ8.3.G276 _bIae |
| 082 | 0 | 0 | _a[E] |
| 100 | 1 |
_aSeuss, _cDr. _qGeisel, Theodor Seuss |
|
| 245 | 1 | 0 |
_aI can read with my eyes shut / _cby Dr. Seuss. |
| 260 |
_aNew York : _bBeginner Books, _c1978. |
||
| 300 |
_a40 unnumbered pages : _bcolor illustrations ; _c24 cm. |
||
| 505 | _aF | ||
| 520 | _aThe Cat in the Hat takes Young Cat in tow to show him the fun he can get out of reading. | ||
| 521 |
_a380
_bLexile |
||
| 521 |
_aF
_bRaz-Plus |
||
| 650 | 1 | _aStories in rhyme. | |
| 650 | 1 |
_aReading _xFiction. |
|
| 906 |
_a7 _bcbc _corignew _d1 _eocip _f19 _gy-gencatlg |
||
| 942 |
_2ddc _cBK _n0 |
||
| 999 |
_c1212 _d1212 |
||